[Event "Schachfreunde Deizisau 2 - TG Biberach"]
[Site "?"]
[Date "2023.01.15"]
[Round "5.4"]
[White "Koellner, Aaron Noah"]
[Black "Wunder, Fabian"]
[Result "1-0"]
[WhiteElo "2156"]
[BlackElo "2067"]
[PlyCount "141"]
[EventDate "2023.??.??"]

1. d4 Nf6 2. Nf3 e6 3. Bg5 Be7 4. Nbd2 d5 5. e3 c5 6. c3 b6 7. Bb5+ Nfd7 8. Bf4 O-O 9. Qe2 Bb7 10. Rd1 Nc6 11. Bd3 Rc8 12. O-O c4 13. Bc2 f5 14. a4 Nf6 15. Ne5 Nxe5 16. Bxe5 Bd6 17. Bxd6 Qxd6 18. f3 Rfe8 19. Rfe1 Qd7 20. Qf2 Qf7 21. Qg3 Qg6 22. Qe5 Qf7 23. Re2 Qc7 24. e4 dxe4 25. Qxc7 Rxc7 26. fxe4 Nxe4 27. Nxe4 fxe4 28. Bxe4 Bxe4 29. Rxe4 Rce7 30. Re5 g6 31. Rde1 Kf7 32. Rf1+ Kg7 33. Rf3 Rf8 34. Rxf8 Kxf8 35. Kf2 Kf7 36. Ke3 Rd7 37. Rb5 Kf6 38. Ke4 Rc7 39. g4 Rc6 40. g5+ Ke7 41. a5 Kd6 42. axb6 axb6 43. Rb4 Kc7 44. Ra4 Kb7 45. Ke5 b5 46. Ra1 Rb6 47. Rf1 b4 48. Rf7+ Kc8 49. Rxh7 bxc3 50. bxc3 Rb5+ 51. Kxe6 Rxg5 52. Kd6 Ra5 53. Rc7+ Kd8 54. Rxc4 Rh5 55. Rb4 Ke8 56. Rb8+ Kf7 57. Rb2 g5 58. c4 Rh6+ 59. Kd7 Rh4 60. Rd2 Re4 61. c5 Re7+ 62. Kd6 Re6+ 63. Kd5 Ke7 64. Rb2 Ra6 65. Rb7+ Kd8 66. c6 g4 67. Kd6 Ke8 68. d5 Ra2 69. Rb8+ Kf7 70. c7 Ra6+ 71. Ke5 1-0

[Event "Schachfreunde Deizisau 2 - TG Biberach"]
[Site "?"]
[Date "2023.01.15"]
[Round "5.5"]
[White "Engelhart, Achim"]
[Black "Ruf, Matthias"]
[Result "1/2-1/2"]
[WhiteElo "2040"]
[BlackElo "2323"]
[PlyCount "28"]
[EventDate "2023.??.??"]

1. e4 e6 2. d4 d5 3. Nd2 Nf6 4. e5 Nfd7 5. c3 c5 6. Bd3 Nc6 7. Ne2 Qb6 8. Nf3 cxd4 9. cxd4 f6 10. exf6 Nxf6 11. O-O Bd6 12. b3 O-O 13. Bf4 Bxf4 14. Nxf4 Bd7 1/2-1/2

[Event "Schachfreunde Deizisau 2 - TG Biberach"]
[Site "?"]
[Date "2023.01.15"]
[Round "5.6"]
[White "Gustain, Marc"]
[Black "Sokratov, Stanislav"]
[Result "0-1"]
[WhiteElo "2170"]
[BlackElo "2167"]
[PlyCount "74"]
[EventDate "2023.??.??"]

1. e4 c6 2. d4 d5 3. f3 dxe4 4. fxe4 e5 5. Nf3 Be6 6. c3 Nd7 7. Bd3 Bd6 8. O-O Ngf6 9. Nbd2 O-O 10. Ng5 Bg4 11. Be2 Bxe2 12. Qxe2 Re8 13. d5 h6 14. dxc6 Qb6+ 15. Kh1 Qxc6 16. Nh3 Rad8 17. Nf2 Nc5 18. Re1 Rd7 19. Nf1 Bc7 20. Ng3 Red8 21. h3 Nd3 22. Nxd3 Rxd3 23. Kh2 Kh7 24. Qf1 Rxg3 25. Kxg3 Nxe4+ 26. Kh2 Qg6 27. Qf3 Nc5 28. Kh1 e4 29. Qe3 Nd3 30. Rf1 f5 31. Qxa7 Qg3 32. Qg1 Nf2+ 33. Rxf2 Rd1 34. Bf4 Rxg1+ 35. Kxg1 Bxf4 36. Kf1 Qh2 37. Ke2 e3 0-1

[Event "Schachfreunde Deizisau 2 - TG Biberach"]
[Site "?"]
[Date "2023.01.15"]
[Round "5.7"]
[White "Namyslo, Holger"]
[Black "Koellner, Christof"]
[Result "1/2-1/2"]
[WhiteElo "2152"]
[BlackElo "2063"]
[PlyCount "163"]
[EventDate "2023.??.??"]

1. e4 d6 2. d4 Nf6 3. Nc3 e5 4. dxe5 dxe5 5. Qxd8+ Kxd8 6. Bg5 c6 7. O-O-O+ Ke8 8. f4 Be7 9. h3 h6 10. fxe5 hxg5 11. exf6 Bxf6 12. Nf3 Bxc3 13. bxc3 g4 14. Ne5 f6 15. Nc4 Ke7 16. Nd6 Na6 17. Bxa6 bxa6 18. Nxc8+ Raxc8 19. hxg4 Ke6 20. Rh5 g6 21. Ra5 Rh2 22. g5 Rh5 23. Rxa6 Rxg5 24. Rxa7 Rxg2 25. Rdd7 g5 26. Re7+ Kd6 27. e5+ fxe5 28. Rad7+ Kc5 29. Rxe5+ Kc4 30. Re4+ Kc5 31. Rdd4 Rg1+ 32. Kd2 Rg2+ 33. Kd3 Rg3+ 34. Re3 Rxe3+ 35. Kxe3 Ra8 36. Rg4 Rxa2 37. Kd3 Ra1 38. Rxg5+ Kd6 39. c4 Rd1+ 40. Kc3 Rh1 41. c5+ Ke6 42. Kb4 Rb1+ 43. Kc4 Rh1 44. Rg4 Kd7 45. c3 Rh2 46. Rg7+ Ke6 47. Rg6+ Kd7 48. Rd6+ Kc7 49. Rd4 Rh5 50. Kb4 Rh1 51. Rg4 Rb1+ 52. Kc4 Rd1 53. Rg7+ Kc8 54. Rg4 Kc7 55. Rd4 Rh1 56. Rd6 Rh4+ 57. Kb3 Rh1 58. Rf6 Rb1+ 59. Kc2 Rh1 60. Rf7+ Kc8 61. Kd3 Rh5 62. Kd4 Rd5+ 63. Kc4 Rh5 64. Kb4 Rg5 65. Rf4 Kc7 66. Re4 Rh5 67. Kc4 Rg5 68. Re7+ Kc8 69. Kb4 Rh5 70. c4 Rg5 71. Kc3 Rxc5 72. Kd4 Rh5 73. Re5 Rxe5 74. Kxe5 c5 75. Kd6 Kd8 76. Kxc5 Kc7 77. Kd5 Kd7 78. c5 Kc7 79. c6 Kc8 80. Kd6 Kd8 81. c7+ Kc8 82. Kc6 1/2-1/2

[Event "Schachfreunde Deizisau 2 - TG Biberach"]
[Site "?"]
[Date "2023.01.15"]
[Round "5.8"]
[White "Brenner, Markus"]
[Black "Schulze, Andreas"]
[Result "1/2-1/2"]
[WhiteElo "2094"]
[BlackElo "2084"]
[PlyCount "39"]
[EventDate "2023.??.??"]

1. e4 Nf6 2. e5 Nd5 3. c4 Nb6 4. d4 d6 5. exd6 exd6 6. Nc3 Be7 7. Bd3 Nc6 8. Be3 Bf6 9. Nge2 Bg4 10. f3 Bh5 11. O-O O-O 12. b3 Re8 13. Qd2 Bg6 14. Bxg6 hxg6 15. Rae1 d5 16. c5 Nc8 17. Bf2 N8e7 18. g4 g5 19. Ng3 Qd7 20. Nh5 1/2-1/2

[Event "SV Jedesheim - SK Schmiden/Cannstatt"]
[Site "?"]
[Date "2023.01.15"]
[Round "5.1"]
[White "Krockenberger, Martin"]
[Black "Pikula, Dejan"]
[Result "0-1"]
[WhiteElo "2200"]
[BlackElo "2320"]
[PlyCount "62"]
[EventDate "2023.??.??"]

1. d4 d6 2. c4 e5 3. Nc3 Nd7 4. Nf3 g6 5. g3 Bg7 6. Bg2 Ne7 7. O-O O-O 8. e3 h6 9. b3 f5 10. Ba3 e4 11. Ne1 Nf6 12. f3 exf3 13. Qxf3 c6 14. Rd1 Re8 15. Nc2 Be6 16. Bc1 d5 17. c5 g5 18. Bd2 Qd7 19. Rb1 Ng6 20. b4 Ne4 21. Qd1 Rf8 22. a4 Rae8 23. b5 Nxc3 24. Bxc3 f4 25. bxc6 bxc6 26. exf4 gxf4 27. Qd2 Bg4 28. Rf2 fxg3 29. Rxf8+ Nxf8 30. hxg3 Re2 31. Qd3 Qf5 0-1

[Event "SV Jedesheim - SK Schmiden/Cannstatt"]
[Site "?"]
[Date "2023.01.15"]
[Round "5.2"]
[White "Atlas, Valery"]
[Black "Schmidt, Tobias"]
[Result "1-0"]
[WhiteElo "2406"]
[BlackElo "2288"]
[PlyCount "119"]
[EventDate "2023.??.??"]

1. e4 e6 2. d4 d5 3. Nc3 Bb4 4. e5 c5 5. a3 Bxc3+ 6. bxc3 Qa5 7. Bd2 Qa4 8. Qb1 c4 9. Nh3 Nc6 10. Nf4 g6 11. h4 Bd7 12. g3 O-O-O 13. Bh3 h6 14. Ng2 Rf8 15. O-O g5 16. f4 gxh4 17. Nxh4 Nge7 18. Kh2 Nf5 19. Qb2 Rhg8 20. Rg1 Qa5 21. Rab1 b6 22. Nf3 h5 23. Rg2 Nh6 24. Ng5 Rg6 25. Rh1 Ne7 26. Qb4 Qxb4 27. axb4 Kc7 28. Bc1 Rfg8 29. Kg1 Ba4 30. Kf1 R6g7 31. Ke1 Kd7 32. Kd1 a5 33. bxa5 bxa5 34. Kd2 Ng6 35. Rf2 Bc6 36. Ba3 Ne7 37. Bf1 Nhf5 38. Rg2 Rxg5 39. fxg5 Rxg5 40. Rh3 Ng6 41. Bc1 h4 42. gxh4 Rh5 43. Rg5 Rxh4 44. Rxh4 Nfxh4 45. Be2 Ke8 46. Ba3 f6 47. exf6 Kf7 48. Rh5 Kxf6 49. Rh7 Be8 50. Bd6 a4 51. Bc7 Ng2 52. Bd8+ Kf5 53. Rh5+ Ke4 54. Bg4 Bf7 55. Rh3 Kf4 56. Bh5 Kf5 57. Rf3+ N2f4 58. Bxg6+ Kg4 59. Rxf4+ Kxf4 60. Bxf7 1-0

[Event "SV Jedesheim - SK Schmiden/Cannstatt"]
[Site "?"]
[Date "2023.01.15"]
[Round "5.3"]
[White "Trachtmann, Mark"]
[Black "Heidenfeld, Mark"]
[Result "1/2-1/2"]
[WhiteElo "2223"]
[BlackElo "2343"]
[PlyCount "23"]
[EventDate "2023.??.??"]

1. d4 d6 2. e4 e5 3. dxe5 dxe5 4. Qxd8+ Kxd8 5. f4 Nc6 6. Nf3 Bd6 7. Nc3 g6 8. fxe5 Nxe5 9. Be3 Be6 10. O-O-O Ke7 11. Bd4 f6 12. Nd5+ 1/2-1/2

[Event "SV Jedesheim - SK Schmiden/Cannstatt"]
[Site "?"]
[Date "2023.01.15"]
[Round "5.4"]
[White "Matt, Fabian"]
[Black "Holzhaeuer, Mathias"]
[Result "1-0"]
[WhiteElo "2287"]
[BlackElo "2245"]
[PlyCount "109"]
[EventDate "2023.??.??"]

1. d4 Nf6 2. c4 Nc6 3. Nf3 e6 4. e3 Bb4+ 5. Nbd2 d6 6. Bd3 O-O 7. O-O Bxd2 8. Nxd2 e5 9. d5 Ne7 10. Qc2 c6 11. e4 Nh5 12. Re1 Nf4 13. Bf1 cxd5 14. exd5 b5 15. Ne4 bxc4 16. Bxf4 exf4 17. Qxc4 Bb7 18. Rad1 Qb6 19. Nf6+ gxf6 20. Rxe7 Rfe8 21. Rxe8+ Rxe8 22. Qxf4 Re5 23. Qxf6 Bxd5 24. Rd3 h5 25. Qh6 h4 26. Qxh4 Be4 27. Rb3 Qc7 28. Rc3 Qd7 29. Qh6 Re6 30. Qc1 d5 31. Rc8+ Kg7 32. Qg5+ Kh7 33. Rd8 Qc7 34. Qg8+ Kh6 35. h4 Qe7 36. g3 f6 37. Qh8+ Qh7 38. Qf8+ Qg7 39. Qxg7+ Kxg7 40. Bg2 Ra6 41. a3 Bxg2 42. Kxg2 Ra5 43. Kf3 Kg6 44. g4 Rb5 45. h5+ Kh6 46. b4 a5 47. Rg8 axb4 48. axb4 f5 49. Rg6+ Kh7 50. g5 Rxb4 51. Rf6 Rh4 52. Rxf5 d4 53. h6 Kg6 54. Rd5 Rh1 55. Ke4 1-0

[Event "SV Jedesheim - SK Schmiden/Cannstatt"]
[Site "?"]
[Date "2023.01.15"]
[Round "5.5"]
[White "Loehr, Markus"]
[Black "Atlas, Dmitry"]
[Result "1-0"]
[WhiteElo "2186"]
[BlackElo "2239"]
[PlyCount "65"]
[EventDate "2023.??.??"]

1. d4 d5 2. Nf3 Nf6 3. c4 c6 4. Nc3 e6 5. g3 dxc4 6. Bg2 Nbd7 7. O-O Be7 8. e4 b5 9. e5 Nd5 10. Ne4 h6 11. Nh4 g5 12. Nf3 Qb6 13. h4 g4 14. Nh2 h5 15. Bg5 Ba6 16. Kh1 b4 17. Bxe7 Kxe7 18. Re1 c5 19. dxc5 Nxc5 20. Qd2 Rhg8 21. Nd6 Nd3 22. Bxd5 exd5 23. Qh6 Rg6 24. Qxh5 Nxf2+ 25. Kg2 Ne4 26. Rxe4 dxe4 27. Rf1 Rf8 28. Nxg4 c3 29. Rxf7+ Rxf7 30. Qxg6 Rf8 31. Qg7+ Ke6 32. Qxf8 cxb2 33. Qf7# 1-0

[Event "SV Jedesheim - SK Schmiden/Cannstatt"]
[Site "?"]
[Date "2023.01.15"]
[Round "5.6"]
[White "Anistratov, Dmitriy"]
[Black "Thoma, Christian"]
[Result "0-1"]
[WhiteElo "2249"]
[BlackElo "2183"]
[PlyCount "114"]
[EventDate "2023.??.??"]

1. Nf3 Nf6 2. g3 d5 3. Bg2 e6 4. O-O b5 5. a4 b4 6. d4 Bb7 7. a5 Be7 8. Nbd2 O-O 9. Ne5 c5 10. dxc5 Bxc5 11. Nd3 Bd6 12. Nb3 Qc7 13. Be3 Na6 14. Nd4 Qd7 15. Nb3 Rfc8 16. Bd4 Qe7 17. f4 Nd7 18. c4 Rxc4 19. Bf2 Nf6 20. Nd2 Rc7 21. Bd4 Bc6 22. Kh1 Rac8 23. Re1 Bb5 24. Ne5 Nc5 25. h3 Nh5 26. Nf1 Nf6 27. Kh2 h5 28. Ne3 h4 29. g4 Nfd7 30. Rf1 Nf8 31. Kh1 f6 32. Nxd5 exd5 33. Bxd5+ Nce6 34. f5 fxe5 35. fxe6 Bc6 36. Bxc6 Rxc6 37. Be3 Qxe6 38. Bxa7 Ng6 39. Be3 Bc5 40. Bxc5 Rxc5 41. a6 Nf4 42. a7 Qc6+ 43. Rf3 Ra8 44. Qb3+ Qd5 45. Qxb4 Nxe2 46. Qb3 Nd4 47. Qxd5+ Rxd5 48. Rc3 Nb5 49. Rb3 Rxa7 50. Rf1 Rf7 51. Ra1 Rf2 52. g5 Kh7 53. Rb4 Nd4 54. g6+ Kxg6 55. Kg1 Rc2 56. Rb7 Nf3+ 57. Kf1 Rdd2 0-1

[Event "SV Jedesheim - SK Schmiden/Cannstatt"]
[Site "?"]
[Date "2023.01.15"]
[Round "5.7"]
[White "Eisele, Steffen"]
[Black "Bossinger, Patrick"]
[Result "1-0"]
[WhiteElo "2236"]
[BlackElo "2013"]
[PlyCount "89"]
[EventDate "2023.??.??"]

1. e4 c5 2. Nf3 Nc6 3. Bb5 g6 4. O-O Bg7 5. Bxc6 dxc6 6. h3 e5 7. d3 Qe7 8. Bg5 f6 9. Be3 Nh6 10. Nbd2 Nf7 11. Nc4 O-O 12. Qe2 Nd8 13. c3 Ne6 14. Rad1 Rd8 15. Rfe1 b6 16. d4 cxd4 17. cxd4 exd4 18. Nxd4 Nxd4 19. Bxd4 Be6 20. e5 Bd5 21. b3 fxe5 22. Bxe5 Re8 23. Qg4 Rad8 24. Bxg7 Qxg7 25. Ne3 Bf7 26. Qa4 Bd5 27. Nxd5 Rxe1+ 28. Rxe1 cxd5 29. Re8+ Rxe8 30. Qxe8+ Qf8 31. Qxf8+ Kxf8 32. f4 Ke7 33. Kf2 h5 34. g4 h4 35. Ke3 Kd6 36. b4 a6 37. Kd4 Ke6 38. a3 Kd6 39. a4 Ke6 40. a5 bxa5 41. bxa5 Kd6 42. f5 g5 43. f6 Ke6 44. f7 Kxf7 45. Kxd5 1-0

[Event "SV Jedesheim - SK Schmiden/Cannstatt"]
[Site "?"]
[Date "2023.01.15"]
[Round "5.8"]
[White "Jaskulski, Jan"]
[Black "Scheeff, Volker"]
[Result "0-1"]
[WhiteElo "1867"]
[BlackElo "2050"]
[PlyCount "84"]
[EventDate "2023.??.??"]

1. e4 e6 2. Nf3 d5 3. Nc3 d4 4. Ne2 c5 5. c3 Nf6 6. Ng3 Nc6 7. Bb5 Bd7 8. d3 Qa5 9. Bxc6 Bxc6 10. Bd2 Qb6 11. O-O Be7 12. b4 dxc3 13. bxc5 Qa5 14. Be3 Rd8 15. Nd4 Ba4 16. Qf3 Bxc5 17. Nb3 Bxb3 18. axb3 Qb6 19. e5 Nd5 20. Bxc5 Qxc5 21. Ne4 Qb6 22. Nd6+ Rxd6 23. exd6 O-O 24. Qg3 a6 25. Ra4 Rd8 26. Rc4 g6 27. h4 h5 28. Re1 Qxd6 29. Qg5 Kh7 30. g4 b5 31. Rce4 Qe7 32. Qe5 Qf6 33. Qg3 hxg4 34. Rxg4 c2 35. h5 Rc8 36. hxg6+ fxg6 37. Rh4+ Kg7 38. Rc1 e5 39. Qg2 Rc7 40. Rh2 Nf4 41. Qa8 Qg5+ 42. Kh1 Nh5 0-1

[Event "Stuttgarter SF 2 - SC Böblingen"]
[Site "?"]
[Date "2023.01.15"]
[Round "5.2"]
[White "Beyer, Christian"]
[Black "Ortmann, David"]
[Result "0-1"]
[WhiteElo "2261"]
[BlackElo "2331"]
[PlyCount "76"]
[EventDate "2023.??.??"]

1. Nc3 d5 2. e4 e6 3. g3 c5 4. exd5 exd5 5. Bg2 Nf6 6. Nge2 d4 7. Ne4 Nxe4 8. Bxe4 Bd6 9. d3 O-O 10. h4 Nd7 11. Bg5 Nf6 12. Kf1 Bg4 13. f3 Be6 14. h5 h6 15. Bh4 Be7 16. Bxf6 Bxf6 17. Nf4 Bc8 18. Nd5 Be5 19. f4 Be6 20. fxe5 Bxd5 21. Qf3 Bxe4 22. Qxe4 Qb6 23. b3 Rae8 24. Re1 Re7 25. Rh2 Qe6 26. Kg1 Rfe8 27. Rhe2 Qh3 28. g4 Rxe5 29. Qxe5 Rxe5 30. Rxe5 Qxg4+ 31. Kf2 f5 32. Rxc5 Qxh5 33. Ree5 Qh4+ 34. Kf3 Qg4+ 35. Kf2 f4 36. Re4 Qg3+ 37. Kf1 f3 38. Rc8+ Kf7 0-1

[Event "Stuttgarter SF 2 - SC Böblingen"]
[Site "?"]
[Date "2023.01.15"]
[Round "5.3"]
[White "Hirneise, Jens"]
[Black "Lorscheid, Gerhard"]
[Result "1-0"]
[WhiteElo "2266"]
[BlackElo "2139"]
[PlyCount "75"]
[EventDate "2023.??.??"]

1. e4 d6 2. d4 Nf6 3. Nc3 e5 4. Nf3 Nbd7 5. Rg1 g6 6. g4 exd4 7. Nxd4 Bg7 8. Be3 O-O 9. g5 Ne8 10. Qd2 Nb6 11. f4 c5 12. Nf3 Qe7 13. e5 Bf5 14. O-O-O dxe5 15. fxe5 Bxe5 16. Nxe5 Qxe5 17. Bf4 Qd4 18. Qxd4 cxd4 19. Rxd4 Ng7 20. Rb4 Rfe8 21. Bg2 Re7 22. a4 Ne6 23. a5 Nxf4 24. Rxf4 Nd7 25. Bxb7 Rb8 26. Bf3 Re5 27. Bd5 Rc8 28. Rd1 h6 29. h4 hxg5 30. hxg5 Nf8 31. a6 Ne6 32. Rb4 Nxg5 33. Rb7 Be6 34. Rxa7 Rxc3 35. Bxe6 Rc6 36. Ra8+ Kg7 37. Bd5 Rc5 38. b4 1-0

[Event "Stuttgarter SF 2 - SC Böblingen"]
[Site "?"]
[Date "2023.01.15"]
[Round "5.4"]
[White "Fritsch, Rolf"]
[Black "Seitz, Patrick"]
[Result "1/2-1/2"]
[WhiteElo "2193"]
[BlackElo "2148"]
[PlyCount "61"]
[EventDate "2023.??.??"]

1. c4 Nf6 2. g3 e5 3. Bg2 c6 4. d4 exd4 5. Qxd4 Be7 6. Nc3 d6 7. Nf3 h6 8. O-O O-O 9. Rd1 Be6 10. e4 c5 11. Qd3 Nc6 12. Bf4 Qb6 13. Na4 Qa5 14. b3 Rfd8 15. Bd2 Qc7 16. Nc3 a6 17. h3 Nd7 18. Ne1 Bf6 19. Rab1 Bd4 20. Nc2 Nde5 21. Qf1 f6 22. Nd5 Qf7 23. Nxd4 Nxd4 24. f4 Nec6 25. Nb6 Rab8 26. a4 f5 27. Re1 Kh8 28. Re3 Re8 29. Bc3 fxe4 30. Bxe4 Bf5 31. Rbe1 1/2-1/2

[Event "Stuttgarter SF 2 - SC Böblingen"]
[Site "?"]
[Date "2023.01.15"]
[Round "5.5"]
[White "Mueller, Ralf"]
[Black "Schwarzburger, Lothar"]
[Result "1-0"]
[WhiteElo "2345"]
[BlackElo "2145"]
[PlyCount "65"]
[EventDate "2023.??.??"]

1. d4 d5 2. c4 e6 3. Nf3 Nf6 4. g3 Be7 5. Bg2 O-O 6. O-O dxc4 7. Qc2 Nbd7 8. Nbd2 c5 9. Nxc4 Nb6 10. Rd1 Nxc4 11. dxc5 Na3 12. bxa3 Qc7 13. c6 Bd7 14. Nd4 Bxc6 15. Nxc6 bxc6 16. Qxc6 Qxc6 17. Bxc6 Rac8 18. Bf3 Rc2 19. Be3 Bxa3 20. Bxa7 e5 21. Kf1 h6 22. Bb6 e4 23. Bg2 Bb2 24. Rab1 Ba3 25. Bd4 Rxa2 26. Bxf6 gxf6 27. Bxe4 Rb2 28. Ra1 Bc5 29. Rac1 Bb6 30. Bf3 Kg7 31. Rc4 f5 32. Rd5 Kg6 33. Rf4 1-0

[Event "Stuttgarter SF 2 - SC Böblingen"]
[Site "?"]
[Date "2023.01.15"]
[Round "5.6"]
[White "Migl, Dieter"]
[Black "Vujic, Branimir"]
[Result "1-0"]
[WhiteElo "2076"]
[BlackElo "2233"]
[PlyCount "65"]
[EventDate "2023.??.??"]

1. e4 d5 2. exd5 Nf6 3. d4 Nxd5 4. Nf3 Bf5 5. Be2 e6 6. O-O Be7 7. a3 Nc6 8. c4 Nb6 9. Nc3 Bf6 10. Be3 O-O 11. b4 e5 12. d5 e4 13. Nd4 Nxd4 14. Bxd4 a5 15. Qd2 Nd7 16. Rad1 axb4 17. axb4 Re8 18. c5 Be5 19. Bb5 Qh4 20. g3 Qh3 21. Bxd7 Bxd7 22. Nxe4 Rad8 23. f3 Bb5 24. Bxe5 Bxf1 25. Bxg7 Rxd5 26. Nf6+ Kxg7 27. Nxd5 Re2 28. Qd4+ Kg8 29. Qg4+ Kf8 30. Qxh3 Bxh3 31. Nf4 Rb2 32. Nxh3 Rxb4 33. Rd7 1-0

[Event "Stuttgarter SF 2 - SC Böblingen"]
[Site "?"]
[Date "2023.01.15"]
[Round "5.7"]
[White "Schuh, Karsten"]
[Black "Maeurer, Christoph"]
[Result "1/2-1/2"]
[WhiteElo "2146"]
[BlackElo "2250"]
[PlyCount "51"]
[EventDate "2023.??.??"]

1. Nf3 Nf6 2. c4 e6 3. g3 d5 4. Bg2 Be7 5. O-O O-O 6. b3 a5 7. a3 c6 8. Bb2 b5 9. Qc2 a4 10. cxb5 axb3 11. Qxb3 cxb5 12. Nc3 Nc6 13. Nxb5 Ba6 14. a4 Na5 15. Qd1 Nc4 16. Bd4 Nd7 17. d3 Na5 18. Rb1 Nc6 19. Ba1 Nc5 20. Bc3 Qd7 21. Ne5 Nxe5 22. Bxe5 Rfc8 23. Bd4 Rab8 24. Bxc5 Rxc5 25. e3 Bxb5 26. axb5 1/2-1/2

[Event "Stuttgarter SF 2 - SC Böblingen"]
[Site "?"]
[Date "2023.01.15"]
[Round "5.8"]
[White "Leitherer, Johannes"]
[Black "Schroeter, Samuel"]
[Result "0-1"]
[WhiteElo "1923"]
[BlackElo "2140"]
[PlyCount "136"]
[EventDate "2023.??.??"]

1. e4 g6 2. d4 Bg7 3. Nc3 c5 4. d5 d6 5. f4 Nf6 6. Nf3 Bg4 7. Be2 Na6 8. O-O Nc7 9. a4 O-O 10. Kh1 b6 11. Qe1 e6 12. dxe6 Nxe6 13. Be3 Re8 14. Rd1 Qe7 15. h3 Bxf3 16. Bxf3 Rad8 17. Qd2 Nc7 18. Rfe1 a6 19. g4 h6 20. h4 Nxg4 21. Bf2 Nxf2+ 22. Qxf2 Bf6 23. Qg2 Bxh4 24. Rg1 Bf6 25. Qg4 Kg7 26. Rg2 b5 27. axb5 axb5 28. f5 g5 29. Nd5 Nxd5 30. Rxd5 Bxb2 31. Rd1 Be5 32. Rb1 b4 33. Be2 Ra8 34. Bc4 Ra1 35. Rxa1 Bxa1 36. Bd5 Be5 37. Rf2 Qf6 38. Rf3 Re7 39. Qh5 Ra7 40. Kg2 Ra1 41. Rf1 Ra3 42. Rf3 Ra7 43. Rh3 Rc7 44. Bc4 Bf4 45. Rh1 Re7 46. Bd5 Ra7 47. Bb3 Be3 48. Bd5 Bd4 49. Bb3 Re7 50. Kf3 Bc3 51. Bd5 Bd2 52. Kg2 c4 53. Qe2 Qd4 54. Qxc4 Qxc4 55. Bxc4 Rxe4 56. Bd3 Rd4 57. Kf3 g4+ 58. Ke2 Bf4 59. Rh4 Bg5 60. Rh1 Kf6 61. Ra1 h5 62. Ra4 Ke5 63. Ra5+ Kf6 64. Ra4 Rf4 65. Ra6 Ke5 66. Ra7 f6 67. Ra5+ d5 68. Ba6 Rxf5 0-1

[Event "TSV Schönaich 2 - SG Schwäbisch Gmünd"]
[Site "?"]
[Date "2023.01.15"]
[Round "5.1"]
[White "Jurek, Josef"]
[Black "Krassowizkij, Jaroslaw"]
[Result "1/2-1/2"]
[WhiteElo "2230"]
[BlackElo "2446"]
[PlyCount "77"]
[EventDate "2023.??.??"]

1. Nf3 d5 2. d4 Nf6 3. c4 e6 4. Nc3 a6 5. cxd5 exd5 6. Bg5 Be6 7. e3 Nbd7 8. Bd3 Bd6 9. O-O c6 10. h3 Qc7 11. Rc1 h6 12. Bxf6 Nxf6 13. Qc2 O-O 14. Na4 Rae8 15. Nc5 Bc8 16. a3 Qe7 17. Nd2 Nd7 18. Nxd7 Bxd7 19. Bf5 Bxf5 20. Qxf5 g6 21. Qd3 Qf6 22. b4 h5 23. Rc2 Re7 24. Rb1 g5 25. a4 g4 26. hxg4 hxg4 27. g3 Kg7 28. b5 axb5 29. axb5 Rh8 30. bxc6 Bxg3 31. fxg3 Qh6 32. Nf1 Qh1+ 33. Kf2 Qf3+ 34. Ke1 Rh1 35. Kd2 bxc6 36. Qe2 Qe4 37. Qd3 Qf3 38. Qe2 Qe4 39. Qd3 1/2-1/2

[Event "TSV Schönaich 2 - SG Schwäbisch Gmünd"]
[Site "?"]
[Date "2023.01.15"]
[Round "5.2"]
[White "Brunner, Jan"]
[Black "Hoenick, Andreas"]
[Result "1-0"]
[WhiteElo "2193"]
[BlackElo "2144"]
[PlyCount "109"]
[EventDate "2023.??.??"]

1. d4 d5 2. c4 e6 3. Nf3 Nf6 4. g3 Be7 5. Bg2 O-O 6. Nc3 dxc4 7. Ne5 Nc6 8. Bxc6 bxc6 9. Nxc6 Qe8 10. Nxe7+ Qxe7 11. Qa4 c5 12. dxc5 Qxc5 13. Be3 Qc7 14. f3 Nd5 15. Nxd5 exd5 16. Bd4 Bd7 17. Qb4 Rfe8 18. Kf2 Re6 19. Qc3 Rae8 20. e3 f6 21. g4 f5 22. gxf5 Rh6 23. Rag1 Rxh2+ 24. Rxh2 Qxh2+ 25. Rg2 Qh4+ 26. Ke2 g6 27. fxg6 h5 28. Bh8 Re7 29. Qf6 Qxf6 30. Bxf6 Re6 31. Bd4 Ra6 32. Rg5 Be8 33. Rxh5 Bxg6 34. Rxd5 Bd3+ 35. Kf2 Rxa2 36. Rd8+ Kf7 37. Rd7+ Ke6 38. Rxa7 Rxa7 39. Bxa7 Kf5 40. e4+ Kg5 41. Kg3 Kh5 42. Bb6 Be2 43. Bd8 Bd1 44. Kf4 Be2 45. Ke3 Bd1 46. f4 Kg4 47. f5 Kh5 48. Kf4 Kh6 49. e5 Kg7 50. Bb6 Bc2 51. Kg5 Bd3 52. e6 c3 53. Bd4+ Kg8 54. Bxc3 Bc4 55. Kf6 1-0

[Event "TSV Schönaich 2 - SG Schwäbisch Gmünd"]
[Site "?"]
[Date "2023.01.15"]
[Round "5.3"]
[White "Weiss, Andreas"]
[Black "Kocharin, Timur"]
[Result "1-0"]
[WhiteElo "2125"]
[BlackElo "2121"]
[PlyCount "113"]
[EventDate "2023.??.??"]

1. e4 c5 2. Nf3 d6 3. d4 cxd4 4. Nxd4 Nf6 5. Nc3 a6 6. Be3 e5 7. Nb3 Be6 8. f3 h5 9. Qd2 Nbd7 10. O-O-O Rc8 11. Kb1 b5 12. Nd5 Nxd5 13. exd5 Bf5 14. Bd3 Bxd3 15. Qxd3 Be7 16. Qd2 Qc7 17. Na5 O-O 18. Nc6 Nb8 19. Nxe7+ Qxe7 20. g4 hxg4 21. fxg4 Rc4 22. Qg2 Qh4 23. h3 Rfc8 24. Rc1 Nd7 25. Rhf1 Qe7 26. b3 R4c7 27. h4 a5 28. g5 Nf8 29. Rf2 a4 30. Rcf1 axb3 31. axb3 Ng6 32. Qh2 e4 33. Rxf7 Qxf7 34. Rxf7 Kxf7 35. Qxd6 Nf8 36. Qf4+ Kg8 37. Qxe4 Rd7 38. Bd4 Rcd8 39. c4 bxc4 40. bxc4 Rb7+ 41. Kc2 Ra8 42. Qe5 Ra2+ 43. Kd3 Ng6 44. Qf5 Rb3+ 45. Bc3 Nxh4 46. Qe6+ Kh7 47. Qf7 Rxc3+ 48. Kxc3 Nf3 49. Qf5+ Kg8 50. g6 Ra3+ 51. Kb4 Rb3+ 52. Ka4 Rb8 53. Qxf3 Ra8+ 54. Kb5 Rb8+ 55. Kc6 Rc8+ 56. Kb7 Rf8 57. Qh3 1-0

[Event "TSV Schönaich 2 - SG Schwäbisch Gmünd"]
[Site "?"]
[Date "2023.01.15"]
[Round "5.4"]
[White "Reck, Moritz"]
[Black "Bergner, Philipp"]
[Result "0-1"]
[WhiteElo "2168"]
[BlackElo "2121"]
[PlyCount "68"]
[EventDate "2023.??.??"]

1. e4 e5 2. Nc3 Nf6 3. g3 d5 4. exd5 Nxd5 5. Bg2 Nxc3 6. bxc3 Bc5 7. Nf3 Nc6 8. O-O O-O 9. Re1 Qf6 10. d4 exd4 11. Bg5 Qg6 12. cxd4 Nxd4 13. Bf4 Bg4 14. Ne5 Bxd1 15. Nxg6 hxg6 16. Raxd1 c6 17. Re5 Ne6 18. Rd7 Rad8 19. Rxb7 Rd1+ 20. Bf1 Bd6 21. Ra5 Bxf4 22. gxf4 Nxf4 23. Ra4 g5 24. h4 Rfd8 25. hxg5 Rxf1+ 26. Kh2 Ne6 27. Kg2 Rc1 28. Raxa7 Nxg5 29. f4 Rxc2+ 30. Kg3 Rd3+ 31. Kh4 Nf3+ 32. Kg4 Nh2+ 33. Kf5 Rd5+ 34. Ke4 Re2# 0-1

[Event "TSV Schönaich 2 - SG Schwäbisch Gmünd"]
[Site "?"]
[Date "2023.01.15"]
[Round "5.6"]
[White "Stukenbrok, Nils"]
[Black "Pohl, Walter"]
[Result "0-1"]
[WhiteElo "2087"]
[BlackElo "2107"]
[PlyCount "124"]
[EventDate "2023.??.??"]

1. d4 d5 2. c4 e6 3. Nc3 Nf6 4. cxd5 exd5 5. Bg5 Be7 6. e3 O-O 7. Qc2 h6 8. Bh4 c6 9. Bd3 Re8 10. Nge2 Ne4 11. Bxe7 Qxe7 12. Bxe4 dxe4 13. Ng3 f5 14. O-O Be6 15. f3 Qg5 16. Rae1 exf3 17. Rxf3 g6 18. Nge4 fxe4 19. Nxe4 Qe7 20. Nf6+ Kg7 21. Nxe8+ Qxe8 22. e4 Nd7 23. Qc3 Kh7 24. Qb4 c5 25. dxc5 Qe7 26. Rc3 b6 27. Qb5 bxc5 28. b3 Rf8 29. Qb7 Qf6 30. Rcc1 Qf2+ 31. Kh1 Qxa2 32. Rxc5 Rf7 33. Rc7 Qf2 34. Rg1 a5 35. Qb5 Qf4 36. Qxa5 Qxe4 37. Qa4 Qd5 38. b4 Bh3 39. Qc2 Bf5 40. Qd1 Qb5 41. Qb3 Kg7 42. Re1 Be4 43. Qc3+ Kh7 44. Qc4 Qf5 45. Qe2 h5 46. Rcc1 Nf6 47. Rf1 Qd5 48. Rcd1 Qb7 49. Qb2 Bf5 50. b5 h4 51. h3 Ne4 52. Qd4 Ng3+ 53. Kh2 Nxf1+ 54. Rxf1 Qc7+ 55. Kh1 g5 56. Qd5 Kg6 57. Ra1 Qd7 58. Ra6+ Kh7 59. Qc5 Be4 60. Qxg5 Rf1+ 61. Kh2 Qc7+ 62. g3 Rh1# 0-1

[Event "TSV Schönaich 2 - SG Schwäbisch Gmünd"]
[Site "?"]
[Date "2023.01.15"]
[Round "5.7"]
[White "Lang, Thomas"]
[Black "Schnadt, Florian"]
[Result "1/2-1/2"]
[WhiteElo "1855"]
[BlackElo "2018"]
[PlyCount "51"]
[EventDate "2023.??.??"]

1. e4 c5 2. Nf3 e6 3. c3 d5 4. exd5 Qxd5 5. d4 Nc6 6. Be3 Nf6 7. Na3 cxd4 8. Nb5 Qd8 9. Nbxd4 Be7 10. Bb5 Bd7 11. Nxc6 Bxc6 12. Bxc6+ bxc6 13. Qa4 Qc7 14. O-O O-O 15. Rad1 c5 16. c4 Rab8 17. Qc2 Bd6 18. h3 Rfd8 19. b3 Rd7 20. Rd3 Rbd8 21. Rfd1 Bf4 22. Rxd7 Rxd7 23. Rxd7 Nxd7 24. Bxf4 Qxf4 25. Qd2 Qc7 26. Qd3 1/2-1/2